[Event "DEM U12/U12w 2004"]
[Site "Willingen GER"]
[Date "2004.06.02"]
[Round "7"]
[White "Zelbel, Patrick"]
[Black "Graf, Felix"]
[Result "1-0"]
[Termination "normal"]
[Board "1"]
[WhiteElo "1618"]
[BlackElo "2056"]
[PlyCount "135"]
[WhiteFideId "24624322"]
[BlackFideId "24608904"]
[EventCountry "GER"]
[EventRounds "11"]
[EventType "swiss"]
[EventDate "2004.05.29"]

1. e4 e6 2. d4 d5 3. Nc3 Bb4 4. Qg4 Nf6 5. Qxg7 Rg8 6. Qh6 Rg6 7. Qh4 Nxe4 8.
Qxd8+ Kxd8 9. Bd2 Nxd2 10. Kxd2 Nc6 11. Nf3 e5 12. a3 Bxc3+ 13. bxc3 e4 14. Ng1
Be6 15. g3 Rf6 16. Ke3 Bg4 17. Be2 Bxe2 18. Kxe2 Kd7 19. f4 h5 20. Rb1 Rb8 21.
Kf2 a6 22. Ne2 Na5 23. a4 Nc4 24. Rhd1 b6 25. Nc1 Rh8 26. Ne2 c6 27. Ra1 Kc7
28. Rdb1 Rfh6 29. h4 a5 30. Rd1 Kb7 31. Ng1 Rg8 32. Ne2 Ka6 33. Rdb1 b5 34. Ng1
Rhg6 35. Ne2 Nb6 36. axb5+ cxb5 37. Rb3 Nc4 38. Ke1 a4 39. Rb4 Rb6 40. Kf2 Rc8
41. Ke1 Kb7 42. Rab1 Kc6 43. Ng1 a3 44. Ra1 Ra6 45. Rb3 Rg8 46. Ne2 Rga8 47.
Ra2 Ra5 48. Rb4 Rg8 49. Kf2 Ra4 50. Ke1 Kb6 51. Kf2 Ka5 52. Rb3 Rb8 53. Ke1 b4
54. Kf2 Nd2 55. cxb4+ Rbxb4 56. Rbxa3 e3+ 57. Kg2 Ne4 58. Rxa4+ Rxa4 59. Rxa4+
Kxa4 60. Kf3 Kb4 61. Kxe3 Kc4 62. f5 f6 63. Kf3 Nd2+ 64. Kf4 Ne4 65. g4 Nd6 66.
g5 fxg5+ 67. Kxg5 Kb4 68. f6 1-0

[Event "DEM U12/U12w 2004"]
[Site "Willingen GER"]
[Date "2004.06.02"]
[Round "7"]
[White "Mazarov, Jürgen"]
[Black "Gadschisade, Machmud"]
[Result "1/2-1/2"]
[Termination "normal"]
[Board "2"]
[WhiteElo "1743"]
[BlackElo "1605"]
[PlyCount "105"]
[WhiteFideId "24617768"]
[BlackFideId "4647734"]
[EventCountry "GER"]
[EventRounds "11"]
[EventType "swiss"]
[EventDate "2004.05.29"]

1. e4 c6 2. d4 d5 3. Nc3 dxe4 4. Nxe4 Nf6 5. Nxf6+ exf6 6. Be3 Bf5 7. Bd3 Bxd3
8. Qxd3 Bd6 9. Ne2 Nd7 10. O-O Qc7 11. h3 O-O-O 12. Rab1 h5 13. b4 g6 14. b5
14... c5 $11 15. dxc5 Bxc5 16. Bxc5 Qxc5 17. Nc3 Ne5 18. Qe3 Qxe3 19. fxe3 f5
20. e4 fxe4 21. Nxe4 21... f5 $11 22. Ng5 Rd2 23. Rfe1 Nc4 24. Nf3 Rd5 25. Rb4
Nd6 26. c4 Rc5 27. Nd2 27... Rd8 $11 28. Nb3 Rc7 29. c5 Ne4 30. Rc1 g5 31. g4
Ng3 32. Kf2 f4 33. Nd4 hxg4 34. hxg4 Rcd7 35. Nf3 Re8 36. Rb2 Ne4+ 37. Kg2 Rc7
38. Rbc2 Nf6 39. Nxg5 Nxg4 40. Kf3 Ne5+ 41. Ke4 f3 42. Nxf3 Nxf3+ 43. Kxf3 Rf7+
44. Kg2 Rg8+ 45. Kh1 Rh7+ 46. Rh2 Rxh2+ 47. Kxh2 Kc7 48. Kh3 a6 49. a4 Rg5 50.
Kh4 Rd5 51. Rc4 axb5 52. axb5 b6 53. cxb6+ 1/2-1/2

[Event "DEM U12/U12w 2004"]
[Site "Willingen GER"]
[Date "2004.06.02"]
[Round "7"]
[White "Mihok, Oliver"]
[Black "Huschenbeth, Niclas"]
[Result "1/2-1/2"]
[Termination "normal"]
[Board "3"]
[WhiteElo "2074"]
[BlackElo "2100"]
[PlyCount "51"]
[WhiteFideId "728012"]
[BlackFideId "24604747"]
[EventCountry "GER"]
[EventRounds "11"]
[EventType "swiss"]
[EventDate "2004.05.29"]

1. e4 c5 2. Nf3 d6 3. d4 cxd4 4. Nxd4 Nf6 5. Nc3 Nc6 6. Bg5 a6 7. Qd2 Qb6 8.
Nb3 e6 9. f3 Bd7 10. O-O-O Qc7 11. g4 O-O-O 12. Kb1 Kb8 13. Be2 h6 14. Be3 Bc8
15. Qe1 b5 16. a3 Bb7 17. Qf2 Nd7 18. Bxb5 axb5 19. Nxb5 Qc8 20. Nxd6 Bxd6 21.
Rxd6 Nde5 22. Rxd8 Rxd8 23. Bf4 Ka8 24. Nc5 Nc4 25. Bc1 Nd4 26. Nd3 1/2-1/2

[Event "DEM U12/U12w 2004"]
[Site "Willingen GER"]
[Date "2004.06.02"]
[Round "7"]
[White "Kachibadze, Georg"]
[Black "Hobusch, Alexander"]
[Result "1-0"]
[Termination "normal"]
[Board "4"]
[WhiteElo "1865"]
[BlackElo "1735"]
[PlyCount "83"]
[WhiteFideId "24640794"]
[BlackFideId "24611387"]
[EventCountry "GER"]
[EventRounds "11"]
[EventType "swiss"]
[EventDate "2004.05.29"]

1. e4 e6 2. d4 d5 3. Nc3 Nf6 4. Bg5 Bb4 5. e5 h6 6. Bd2 Bxc3 7. Bxc3 Ne4 8. Ne2
b6 9. f3 Nxc3 10. Nxc3 Ba6 11. Bxa6 Nxa6 12. Qe2 Nb8 13. O-O a6 14. Rad1 Nd7
15. f4 g6 16. Qd2 Qe7 17. Kh1 h5 18. Rf3 O-O-O 19. Qe2 Kb7 20. Nb1 Ra8 21. c4
c6 22. Rc1 Rac8 23. Rfc3 dxc4 24. Rxc4 b5 25. R4c2 Nb6 26. Nc3 Rc7 27. Ne4 Nd5
28. Nd6+ Kb6 29. Qf3 Rd8 30. Qa3 a5 31. Rc5 Qd7 32. Qf3 f5 33. a4 Ra7 34. axb5
cxb5 35. Rxb5+ Qxb5 36. Nxb5 Kxb5 37. Qb3+ Nb4 38. Qc4+ Kb6 39. Qxe6+ Kb5 40.
Rc5+ Ka4 41. d5 Nd3 42. Qc6+ 1-0

[Event "DEM U12/U12w 2004"]
[Site "Willingen GER"]
[Date "2004.06.02"]
[Round "7"]
[White "Heimann, Andreas"]
[Black "Jussupow, Alexander"]
[Result "1-0"]
[Termination "normal"]
[Board "5"]
[WhiteElo "1808"]
[BlackElo "1715"]
[PlyCount "45"]
[WhiteFideId "24624632"]
[BlackFideId "24613509"]
[EventCountry "GER"]
[EventRounds "11"]
[EventType "swiss"]
[EventDate "2004.05.29"]

1. e4 d6 2. d4 Nf6 3. Nc3 e5 4. Nf3 Nbd7 5. Bc4 h6 6. Be3 Be7 7. Qd2 c6 8. Rd1
Qc7 9. O-O O-O 10. Bb3 b5 11. a3 Ba6 12. Rfe1 Bb7 13. Qc1 a6 14. Nh4 exd4 15.
Bxh6 gxh6 16. Nf5 Ne5 17. Qxh6 Ne8 18. f4 Ng6 19. Qxg6+ Kh8 20. Qh6+ Kg8 21.
Rd3 Bh4 22. Qxh4 Ng7 23. Rg3 1-0

[Event "DEM U12/U12w 2004"]
[Site "Willingen GER"]
[Date "2004.06.02"]
[Round "7"]
[White "Jorczik, Julian"]
[Black "Smolkina, Milana"]
[Result "1-0"]
[Termination "normal"]
[Board "6"]
[WhiteElo "1792"]
[BlackElo "1678"]
[PlyCount "73"]
[WhiteFideId "24611719"]
[BlackFideId "24618780"]
[EventCountry "GER"]
[EventRounds "11"]
[EventType "swiss"]
[EventDate "2004.05.29"]

1. d4 Nf6 2. c4 e6 3. Nc3 Bb4 4. e3 O-O 5. Bd3 d6 6. Nge2 b6 7. O-O Nbd7 8. Ne4
d5 9. cxd5 exd5 10. N4g3 Bd6 11. Nf5 Nb8 12. Nxd6 Qxd6 13. b3 Ba6 14. a4 Bxd3
15. Qxd3 Nbd7 16. Ba3 c5 17. Rac1 Rac8 18. Nf4 Rfe8 19. Rfd1 Qc6 20. dxc5 Ne5
21. Qd4 Rcd8 22. cxb6 Qxb6 23. Qxb6 axb6 24. Ne2 Rd7 25. Nd4 h6 26. h3 Red8 27.
Bb2 Re8 28. Nc6 Nxc6 29. Rxc6 Ne4 30. Bd4 b5 31. axb5 Ra8 32. Ra1 Rb8 33. b6
Kf8 34. Ra7 Rdb7 35. Rxb7 Rxb7 36. Rc7 Rb8 37. b7 1-0

[Event "DEM U12/U12w 2004"]
[Site "Willingen GER"]
[Date "2004.06.02"]
[Round "7"]
[White "Korman, Maxim"]
[Black "Nuber, Blasius"]
[Result "1/2-1/2"]
[Termination "normal"]
[Board "7"]
[WhiteElo "1719"]
[BlackElo "1763"]
[PlyCount "120"]
[WhiteFideId "24619787"]
[BlackFideId "24620289"]
[EventCountry "GER"]
[EventRounds "11"]
[EventType "swiss"]
[EventDate "2004.05.29"]

1. e4 Nf6 2. e5 Nd5 3. d4 d6 4. Nf3 Bg4 5. Be2 Nc6 6. exd6 cxd6 7. c3 g6 8. O-O
Bg7 9. h3 Bf5 10. Bd3 Bxd3 11. Qxd3 O-O 12. Nbd2 e5 13. Nb3 Re8 14. dxe5 dxe5
15. Re1 Nb6 16. Qxd8 Raxd8 17. Bg5 f6 18. Be3 Nc4 19. Rab1 b6 20. Nfd2 Nxe3 21.
Rxe3 Bh6 22. Re2 Rd3 23. Nc4 Red8 24. Ree1 Kf7 25. Nc1 Rd1 26. Nb3 Rxb1 27.
Rxb1 Ke6 28. Kf1 f5 29. Ke2 e4 30. Rd1 Rxd1 31. Kxd1 Kd5 32. Ne3+ Bxe3 33. fxe3
Ne5 34. Nd2 b5 35. b3 g5 36. Ke2 f4 37. a3 a5 38. h4 h6 39. hxg5 hxg5 40. exf4
gxf4 41. a4 bxa4 42. bxa4 Nc4 43. Nb3 Ke5 44. Nd4 Kd5 45. Nb3 Nb2 46. Nxa5 Nxa4
47. c4+ Kd4 48. Nb3+ Kxc4 49. Nd2+ Kd4 50. Nf3+ Kd5 51. Ne1 Ke5 52. Kf2 Nc5 53.
Ke2 Kf5 54. Nc2 Nd3 55. Nd4+ Kg4 56. Kf1 Kg3 57. Ne2+ Kh2 58. Nc3 e3 59. Nd5
Kg3 60. Nxe3 fxe3 1/2-1/2

[Event "DEM U12/U12w 2004"]
[Site "Willingen GER"]
[Date "2004.06.02"]
[Round "7"]
[White "Fischer, Thomas"]
[Black "Dorn, Carina"]
[Result "1-0"]
[Termination "normal"]
[Board "8"]
[WhiteElo "2041"]
[BlackElo "1573"]
[PlyCount "81"]
[WhiteFideId "4683277"]
[BlackFideId "24666335"]
[EventCountry "GER"]
[EventRounds "11"]
[EventType "swiss"]
[EventDate "2004.05.29"]

1. Nf3 d5 2. c4 e6 3. g3 Nf6 4. Bg2 Be7 5. O-O O-O 6. d3 c5 7. Nc3 Nc6 8. e4 d4
9. Ne2 e5 10. Ne1 Rb8 11. a4 a6 12. f4 b5 13. axb5 axb5 14. b3 bxc4 15. bxc4
Bd7 16. Nf3 Qc7 17. fxe5 Nxe5 18. Nxe5 Qxe5 19. Bf4 Qh5 20. Bxb8 Ng4 21. h4 Ne3
22. Qd2 Nxf1 23. Rxf1 Rxb8 24. Nf4 Qh6 25. Qf2 Qd6 26. Nd5 f6 27. e5 Qe6 28.
Nxf6+ Kh8 29. Nd5 g6 30. Nxe7 Qxe7 31. Qf4 Kg8 32. e6 Rd8 33. exd7 Rxd7 34.
Bd5+ Kg7 35. Be4 Ra7 36. Qg5 Qd6 37. h5 Ra6 38. h6+ Kg8 39. Bd5+ Kh8 40. Qe5+
Qxe5 41. Rf8# 1-0

[Event "DEM U12/U12w 2004"]
[Site "Willingen GER"]
[Date "2004.06.02"]
[Round "7"]
[White "Schrödter, Thomas"]
[Black "Eibl, Maximilian"]
[Result "1-0"]
[Termination "normal"]
[Board "10"]
[WhiteElo "1827"]
[BlackElo "1548"]
[PlyCount "71"]
[BlackFideId "24620092"]
[EventCountry "GER"]
[EventRounds "11"]
[EventType "swiss"]
[EventDate "2004.05.29"]

1. d4 d5 2. c4 e6 3. Nc3 Nf6 4. cxd5 exd5 5. Bg5 Nbd7 6. e3 Be7 7. Bd3 O-O 8.
Qc2 h6 9. Bh4 c6 10. Nge2 Re8 11. h3 Ne4 12. Bxe7 Qxe7 13. Nxe4 dxe4 14. Bc4
Nb6 15. Bb3 Nd5 16. O-O Be6 17. Bxd5 cxd5 18. Qb3 Rac8 19. Rfc1 g5 20. Rc3 Rxc3
21. Nxc3 Qd7 22. Na4 b6 23. Nc3 Rc8 24. a4 h5 25. a5 Rb8 26. axb6 axb6 27. Ra6
Qb7 28. Ra1 f5 29. Nb5 Ra8 30. Ra3 Rxa3 31. Qxa3 f4 32. exf4 gxf4 33. Qd6 Bd7
34. Qg6+ Kf8 35. Nd6 Be8 36. Qxe8+ 1-0

[Event "DEM U12/U12w 2004"]
[Site "Willingen GER"]
[Date "2004.06.02"]
[Round "7"]
[White "Hirneise, Jens"]
[Black "Dinger, Solvejg"]
[Result "1-0"]
[Termination "normal"]
[Board "11"]
[WhiteElo "1757"]
[BlackElo "1329"]
[PlyCount "63"]
[WhiteFideId "24614734"]
[EventCountry "GER"]
[EventRounds "11"]
[EventType "swiss"]
[EventDate "2004.05.29"]

1. e4 e5 2. Nf3 Nc6 3. d4 exd4 4. Nxd4 Bc5 5. Be3 Bxd4 6. Bxd4 Nf6 7. Nc3 d6 8.
Bb5 Bd7 9. Qd2 O-O 10. O-O-O Re8 11. f3 a6 12. Be2 Nxd4 13. Qxd4 Be6 14. g4 h6
15. h4 h5 16. gxh5 Nxh5 17. Rdg1 g6 18. Rg5 c5 19. Qd2 Kf8 20. f4 Ng7 21. h5
gxh5 22. f5 f6 23. Rg3 Bf7 24. Qh6 Ke7 25. Rxg7 Rh8 26. Nd5+ Kd7 27. Rxf7+ Kc8
28. Qxf6 Qxf6 29. Rxf6 Kb8 30. Rxh5 Rg8 31. Rg6 Rf8 32. Nb6 1-0

[Event "DEM U12/U12w 2004"]
[Site "Willingen GER"]
[Date "2004.06.02"]
[Round "7"]
[White "Kordts, Florian"]
[Black "Dalakian, Haroutioun"]
[Result "1/2-1/2"]
[Termination "normal"]
[Board "12"]
[WhiteElo "1669"]
[BlackElo "1294"]
[PlyCount "122"]
[WhiteFideId "24626856"]
[BlackFideId "24632058"]
[EventCountry "GER"]
[EventRounds "11"]
[EventType "swiss"]
[EventDate "2004.05.29"]

1. c4 Nf6 2. Nc3 g6 3. e4 e5 4. Nf3 Nc6 5. d4 exd4 6. Nxd4 Nxd4 7. Qxd4 Bg7 8.
Bg5 h6 9. Qe5+ Kf8 10. Bxf6 Bxf6 11. Qg3 Bxc3+ 12. Qxc3 Kg8 13. O-O-O Kh7 14.
f4 d6 15. e5 Qe7 16. exd6 cxd6 17. Re1 Be6 18. Bd3 Qd7 19. Qf6 Rhe8 20. Kb1 Bf5
21. Bxf5 Qxf5+ 22. Qxf5 gxf5 23. Kc2 Re4 24. Rxe4 fxe4 25. g4 f6 26. Re1 Re8
27. Kc3 Kg6 28. Kd4 f5 29. h3 h5 30. g5 Kf7 31. h4 Re6 32. Re3 Ke7 33. Kd5 Kd7
34. b4 b6 35. b5 Re8 36. Kd4 Ra8 37. Ra3 Ke6 38. Ra4 Kf7 39. Ra3 Kg6 40. Kd5
Rc8 41. Rc3 Re8 42. Kd4 Re7 43. a4 Re8 44. Re3 Rc8 45. Re1 Re8 46. Ke3 Rd8 47.
Rd1 Rd7 48. Rd5 Rd8 49. a5 Rd7 50. axb6 axb6 51. Rd2 Rd8 52. Kd4 Rd7 53. Re2
Rc7 54. Re3 Rc5 55. Rb3 Rc7 56. Kd5 Rc5+ 57. Kxd6 Rxc4 58. Ke5 Rc5+ 59. Kd4 Kf7
60. Rb4 Kg6 61. Rb3 Kf7 1/2-1/2

[Event "DEM U12/U12w 2004"]
[Site "Willingen GER"]
[Date "2004.06.02"]
[Round "7"]
[White "Tkachuk, Konstantyn"]
[Black "Frey, Alisa"]
[Result "1-0"]
[Termination "normal"]
[Board "13"]
[WhiteElo "1814"]
[BlackElo "1233"]
[PlyCount "61"]
[WhiteFideId "24647330"]
[BlackFideId "24634662"]
[EventCountry "GER"]
[EventRounds "11"]
[EventType "swiss"]
[EventDate "2004.05.29"]

1. e4 e5 2. Nf3 Nc6 3. Bc4 Nf6 4. d4 exd4 5. e5 d5 6. Bb5 Ne4 7. Nxd4 Bd7 8.
Bxc6 bxc6 9. O-O Bc5 10. f3 Ng5 11. f4 Ne4 12. c3 O-O 13. Nd2 Nxd2 14. Bxd2 Qe7
15. Qe2 Rae8 16. Rae1 f6 17. b4 Bb6 18. Kh1 fxe5 19. fxe5 c5 20. Rxf8+ Rxf8 21.
bxc5 Bxc5 22. h3 Re8 23. Qh5 Bxd4 24. cxd4 g6 25. Qf3 c6 26. a3 Bf5 27. Bb4 Qh4
28. Qc3 Be4 29. Kg1 Re6 30. Qc5 a6 31. Qf8# 1-0

[Event "DEM U12/U12w 2004"]
[Site "Willingen GER"]
[Date "2004.06.02"]
[Round "7"]
[White "Schäfer, Alexander"]
[Black "Gröger, Eric"]
[Result "1/2-1/2"]
[Termination "normal"]
[Board "14"]
[WhiteElo "1701"]
[BlackElo "1428"]
[PlyCount "112"]
[WhiteFideId "24615196"]
[EventCountry "GER"]
[EventRounds "11"]
[EventType "swiss"]
[EventDate "2004.05.29"]

1. e4 c5 2. Nf3 Nc6 3. d4 cxd4 4. Nxd4 Nf6 5. Nc3 e5 6. Ndb5 d6 7. Bg5 a6 8.
Na3 b5 9. Nd5 Be7 10. Nxe7 Qxe7 11. f3 Be6 12. Be2 O-O 13. O-O Qd7 14. Bxf6
gxf6 15. c4 b4 16. Nc2 f5 17. Qd2 a5 18. Rad1 Rad8 19. Qg5+ Kh8 20. Qf6+ Kg8
21. f4 Qe7 22. fxe5 dxe5 23. Qxe7 Nxe7 24. exf5 Bxf5 25. Ne3 Be6 26. Ng4 Ng6
27. b3 Kg7 28. g3 28... f6 $11 29. Rxd8 Rxd8 30. Nxf6 Rd2 31. Ne8+ Kg8 32. Nc7
Bh3 33. Re1 Rxa2 34. c5 Rc2 35. Bc4+ Kf8 36. Nd5 Be6 37. Ne3 Bxc4 38. Nxc2 Bxb3
39. Ne3 a4 40. c6 Ne7 41. c7 a3 42. Nf5 Be6 43. Nxe7 Kxe7 44. Rxe5 a2 45. Rxe6+
Kd7 46. Ra6 b3 47. Kg2 b2 48. Rxa2 b1=Q 49. Rf2 Kxc7 50. Rf1 Qe4+ 51. Kh3 Kd6
52. Rf4 Qe2 53. Rd4+ Kc6 54. Rf4 h5 55. Rf8 Qg4+ 56. Kg2 Qe2+ 1/2-1/2

[Event "DEM U12/U12w 2004"]
[Site "Willingen GER"]
[Date "2004.06.02"]
[Round "7"]
[White "Völsgen, Georg"]
[Black "Schmitt, Philipp"]
[Result "1/2-1/2"]
[Termination "normal"]
[Board "15"]
[WhiteElo "1456"]
[BlackElo "1691"]
[PlyCount "115"]
[WhiteFideId "24635901"]
[BlackFideId "24641766"]
[EventCountry "GER"]
[EventRounds "11"]
[EventType "swiss"]
[EventDate "2004.05.29"]

1. e4 e6 2. d4 d5 3. e5 c5 4. c3 Qb6 5. Nf3 Nc6 6. a3 Bd7 7. b4 cxd4 8. cxd4
Rc8 9. Be3 Nge7 10. Be2 Nf5 11. O-O Be7 12. Qd2 O-O 13. Nc3 f6 14. Na4 Qd8 15.
Nb2 fxe5 16. Nxe5 Bf6 17. Nxd7 Qxd7 18. Bb5 Qf7 19. Bxc6 Rxc6 20. Rac1 Rfc8 21.
Rxc6 Rxc6 22. Rc1 Rxc1+ 23. Qxc1 Qd7 24. Qd1 $11 24... Qc6 25. Qd3 Qb6 26. Na4
Qc6 27. Nc5 b6 28. Nb3 Qa4 29. Nc1 Bxd4 30. Bxd4 Nxd4 31. Qxd4 Qc2 32. g3 Qxc1+
33. Kg2 Qxa3 34. Qe5 Qxb4 35. Qxe6+ Kf8 36. Qf5+ Ke8 37. Qe6+ Qe7 38. Qg8+ Kd7
39. Qxd5+ Kc7 40. Qc4+ Qc5 41. Qf7+ Kb8 42. Qxg7 Qc7 43. Qg8+ Kb7 44. f4 a5 45.
Qf8 Qc6+ 46. Kf2 Qc5+ 47. Qxc5 bxc5 48. Ke2 a4 49. Kd2 a3 50. Kc2 c4 51. f5 Kc6
52. g4 Kd6 53. g5 Ke5 54. f6 Ke6 55. h4 Kf7 56. Kc3 h6 57. Kc2 Kg6 58. Kc3
1/2-1/2

[Event "DEM U12/U12w 2004"]
[Site "Willingen GER"]
[Date "2004.06.02"]
[Round "7"]
[White "Blübaum, Johanna"]
[Black "Raykhman, Alexsander"]
[Result "1-0"]
[Termination "normal"]
[Board "16"]
[WhiteElo "1443"]
[BlackElo "1609"]
[PlyCount "87"]
[WhiteFideId "24647373"]
[EventCountry "GER"]
[EventRounds "11"]
[EventType "swiss"]
[EventDate "2004.05.29"]

1. d4 Nf6 2. c4 g6 3. Nc3 Bg7 4. e4 d6 5. Be2 O-O 6. Nf3 e5 7. Be3 Nbd7 8. d5
Ng4 9. Bg5 Ngf6 10. Nd2 h6 11. Be3 a6 12. O-O Qe7 13. b4 b6 14. Na4 a5 15. a3
Bb7 16. Qc2 Ba6 17. Nb3 axb4 18. axb4 Rfb8 19. Bf3 b5 20. Nc3 bxc4 21. Na5 Qe8
22. Nc6 Rc8 23. b5 Bb7 24. Be2 Rxa1 25. Rxa1 Ra8 26. Qc1 h5 27. Bxc4 Ng4 28.
Bd2 Nb6 29. Be2 Nf6 30. Be3 Nfd7 31. Ra3 Kh7 32. Qa1 Rxa3 33. Qxa3 Qa8 34. Qxa8
Bxa8 35. f3 Kg8 36. Na2 Bf6 37. Nab4 Bb7 38. Na6 Bxa6 39. bxa6 Kf8 40. a7 Nc5
41. Bxc5 dxc5 42. Ba6 Ke8 43. Na5 Kd7 44. Nc4 1-0

[Event "DEM U12/U12w 2004"]
[Site "Willingen GER"]
[Date "2004.06.02"]
[Round "7"]
[White "Vollmer, Jürgen"]
[Black "Gersch, Andre"]
[Result "1/2-1/2"]
[Termination "normal"]
[Board "17"]
[WhiteElo "1571"]
[BlackElo "1433"]
[PlyCount "120"]
[EventCountry "GER"]
[EventRounds "11"]
[EventType "swiss"]
[EventDate "2004.05.29"]

1. d4 e6 2. Nf3 d5 3. e3 c5 4. c3 Nc6 5. Bd3 c4 6. Bc2 Bd6 7. Nbd2 Bd7 8. O-O
Nf6 9. Re1 O-O 10. e4 dxe4 11. Nxe4 Nxe4 12. Bxe4 Re8 13. b3 cxb3 14. axb3 Qc7
15. Bb2 f5 16. Bd3 a6 17. h3 b5 18. Qc2 Qd8 19. Rad1 Rf8 20. Ne5 Rc8 21. Nxc6
Rxc6 22. c4 bxc4 23. Bxc4 Kh8 24. Qc3 Be7 25. Qf3 Bb4 26. Re2 Qg5 27. d5 exd5
28. Rxd5 Rd6 29. Rxd6 Bxd6 30. Bxa6 h6 31. Bc4 Rc8 32. Re1 f4 33. Rd1 Bc6 34.
Qg4 Qxg4 35. hxg4 Bc7 36. Re1 Re8 37. Rxe8+ Bxe8 38. f3 Bb6+ 39. Kf1 Kh7 40.
Be5 g5 41. g3 fxg3 42. Bxg3 Kg6 43. b4 Bc6 44. Bd3+ Kf6 45. Ke2 Ke6 46. Bc4+
Kf6 47. Bf2 Bc7 48. b5 Bb7 49. Bd4+ Be5 50. Bxe5+ Kxe5 51. Ke3 Kd6 52. f4 gxf4+
53. Kxf4 Bc8 54. Kg3 Bd7 55. Kh4 Be8 56. Bd3 Kc5 57. Kg3 Kb6 58. Kf4 Bd7 59.
Be2 Kc5 60. Bd3 Kb6 1/2-1/2

[Event "DEM U12/U12w 2004"]
[Site "Willingen GER"]
[Date "2004.06.02"]
[Round "7"]
[White "Mohr, Fides"]
[Black "Billing, Alexander"]
[Result "0-1"]
[Termination "normal"]
[Board "18"]
[WhiteElo "1389"]
[BlackElo "1533"]
[PlyCount "60"]
[BlackFideId "24624420"]
[EventCountry "GER"]
[EventRounds "11"]
[EventType "swiss"]
[EventDate "2004.05.29"]

1. d4 e6 2. c4 d5 3. Nc3 Nf6 4. cxd5 exd5 5. Qc2 c5 6. Bg5 Be6 7. e3 h6 8. Bxf6
Qxf6 9. Qb3 b6 10. Nxd5 Qd8 11. Bc4 Nc6 12. Nf4 Bxc4 13. Qxc4 Qd7 14. dxc5 Bxc5
15. Qe4+ Kf8 16. Nf3 Re8 17. Qd3 Bb4+ 18. Ke2 Qc7 19. Qc4 Bc5 20. Nh4 Nd4+ 21.
Kf1 Ne6 22. Nhg6+ fxg6 23. Nxe6+ Rxe6 24. Qxe6 Be7 25. Ke2 Qc2+ 26. Kf3 Ke8 27.
Rac1 Rf8+ 28. Kg4 Qe2+ 29. Kg3 Qxf2+ 30. Kh3 Qh4# 0-1

[Event "DEM U12/U12w 2004"]
[Site "Willingen GER"]
[Date "2004.06.02"]
[Round "7"]
[White "Lobmeyer, Fabian"]
[Black "Oltzen, Samuel"]
[Result "1/2-1/2"]
[Termination "normal"]
[Board "19"]
[WhiteElo "1522"]
[BlackElo "1389"]
[PlyCount "29"]
[WhiteFideId "24659681"]
[EventCountry "GER"]
[EventRounds "11"]
[EventType "swiss"]
[EventDate "2004.05.29"]

1. d4 d6 2. c4 f5 3. Nc3 Nf6 4. Nf3 g6 5. Bf4 Bg7 6. e3 O-O 7. Be2 Qe8 8. h3
Nfd7 9. Qb3 Kh8 10. Nb5 Na6 11. d5 c6 12. Nc3 Ndc5 13. Qc2 h6 14. h4 Qf7 15. a3
1/2-1/2

[Event "DEM U12/U12w 2004"]
[Site "Willingen GER"]
[Date "2004.06.02"]
[Round "7"]
[White "Maier, Maximilian"]
[Black "Mertens, Pauline"]
[Result "0-1"]
[Termination "normal"]
[Board "20"]
[WhiteElo "1510"]
[BlackElo "1375"]
[PlyCount "140"]
[BlackFideId "24671959"]
[EventCountry "GER"]
[EventRounds "11"]
[EventType "swiss"]
[EventDate "2004.05.29"]

1. d4 d5 2. c4 e6 3. Nc3 Nf6 4. Bg5 Nbd7 5. e3 Be7 6. cxd5 exd5 7. Bd3 c6 8.
Nf3 O-O 9. O-O Re8 10. a3 Nf8 11. Qc2 Bg4 12. Nd2 a6 13. b4 Bd6 14. Na4 Bh5 15.
h3 Bg6 16. Rac1 Bxd3 17. Qxd3 Ng6 18. Nc5 Bxc5 19. Rxc5 h6 20. Bxf6 Qxf6 21.
Nf3 Nh4 22. Nxh4 Qxh4 23. a4 Re6 24. Rfc1 Rg6 25. Qf5 Rf6 26. g3 Qxg3+ 27. fxg3
Rxf5 28. Kg2 Rf6 29. b5 axb5 30. axb5 Ra2+ 31. R1c2 Rxc2+ 32. Rxc2 cxb5 33. Rc5
Rb6 34. Rxd5 b4 35. Rc5 b3 36. Rc1 Kf8 37. Kf3 Ke7 38. Ke2 Kd6 39. Kd3 f5 40.
e4 fxe4+ 41. Kxe4 Rb4 42. h4 b6 43. g4 g6 44. h5 g5 45. Rb1 b2 46. Kf5 Rxd4 47.
Rxb2 Kc5 48. Rg2 b5 49. Kg6 Rd6+ 50. Kg7 b4 51. Rc2+ Kb5 52. Rb2 Ka4 53. Ra2+
Kb3 54. Rf2 Ka3 55. Rf6 Rxf6 56. Kxf6 b3 57. Kg6 b2 58. Kxh6 b1=Q 59. Kxg5 Qb5+
60. Kg6 Qe8+ 61. Kg7 Qe7+ 62. Kg6 Qe6+ 63. Kh7 Qxg4 64. h6 Qf5+ 65. Kg7 Qg5+
66. Kh7 Qe7+ 67. Kh8 Qf8+ 68. Kh7 Qf7+ 69. Kh8 Kb4 70. h7 Qf8# 0-1

[Event "DEM U12/U12w 2004"]
[Site "Willingen GER"]
[Date "2004.06.02"]
[Round "7"]
[White "Wolff, Christoph"]
[Black "Specht, Christian"]
[Result "0-1"]
[Termination "normal"]
[Board "21"]
[WhiteElo "1374"]
[BlackElo "1471"]
[PlyCount "72"]
[WhiteFideId "24659495"]
[BlackFideId "24647985"]
[EventCountry "GER"]
[EventRounds "11"]
[EventType "swiss"]
[EventDate "2004.05.29"]

1. Nc3 c5 2. e4 Nc6 3. Nge2 Nf6 4. d4 cxd4 5. Nxd4 e5 6. Ndb5 d6 7. Bg5 a6 8.
Bxf6 gxf6 9. Na3 b5 10. Nd5 f5 11. Bd3 Be6 12. c3 Bg7 13. Nc2 Bxd5 14. exd5 Ne7
15. O-O O-O 16. Nb4 Qb6 17. Nc2 f4 18. Be4 f5 19. Bf3 e4 20. Be2 Kh8 21. Qd2
Be5 22. Kh1 Rg8 23. Bh5 Rg7 24. Rg1 Rag8 25. g3 e3 26. fxe3 fxg3 27. hxg3 Rxg3
28. Rxg3 Rxg3 29. Bf7 Rh3+ 30. Kg1 f4 31. Re1 f3 32. Qd3 Qd8 33. Rf1 Qf8 34.
Be6 Rh2 35. Qe4 Rg2+ 36. Kh1 Qh6+ 0-1

[Event "DEM U12/U12w 2004"]
[Site "Willingen GER"]
[Date "2004.06.02"]
[Round "7"]
[White "Kaphle, Stephan"]
[Black "Pfefferkorn, Adrian"]
[Result "1-0"]
[Termination "normal"]
[Board "22"]
[WhiteElo "1597"]
[BlackElo "1285"]
[PlyCount "55"]
[WhiteFideId "24629103"]
[EventCountry "GER"]
[EventRounds "11"]
[EventType "swiss"]
[EventDate "2004.05.29"]

1. e4 c5 2. Nf3 d6 3. d4 cxd4 4. Nxd4 Nf6 5. Nc3 a6 6. f3 e6 7. Be3 Nbd7 8. Qd2
b5 9. O-O-O Bb7 10. g4 b4 11. Nce2 d5 12. g5 Nh5 13. exd5 Bxd5 14. Bg2 Qa5 15.
Nb3 Qxa2 16. f4 Rd8 17. Bxd5 Nb8 18. Nc3 bxc3 19. Qxc3 Be7 20. Bf3 O-O 21. Bxh5
Rc8 22. Qd3 Rfd8 23. Bd4 a5 24. Rhg1 a4 25. Bxf7+ Kh8 26. Rg3 axb3 27. Qxh7+
Kxh7 28. Rh3# 1-0

[Event "DEM U12/U12w 2004"]
[Site "Willingen GER"]
[Date "2004.06.02"]
[Round "7"]
[White "Orhan, Zilan"]
[Black "Simonow, Andrej"]
[Result "1-0"]
[Termination "normal"]
[Board "23"]
[WhiteElo "1626"]
[BlackElo "1370"]
[PlyCount "83"]
[WhiteFideId "24624640"]
[BlackFideId "24637637"]
[EventCountry "GER"]
[EventRounds "11"]
[EventType "swiss"]
[EventDate "2004.05.29"]

1. e4 e6 2. d4 d5 3. exd5 exd5 4. Bd3 Bd6 5. Qf3 c6 6. Ne2 Qf6 7. Bf4 Bxf4 8.
Qxf4 Qxf4 9. Nxf4 Nf6 10. Nd2 O-O 11. O-O-O b6 12. c3 Na6 13. Rde1 Nc7 14. Nf3
Ne6 15. Nxe6 Bxe6 16. Ne5 Ng4 17. Rhf1 Nxe5 18. dxe5 18... Rad8 $11 19. f4 d4
20. c4 a6 21. f5 Bc8 22. b4 Bb7 23. Be4 Rd7 24. Kd2 c5 25. Bxb7 Rxb7 26. Rb1
Re7 27. bxc5 bxc5 28. Rfe1 Rfe8 29. Rb6 h6 30. e6 fxe6 31. fxe6 g5 32. Rxa6 Rb8
33. Kd3 Rb2 34. Re2 Rxe2 35. Kxe2 Kg7 36. a4 Rb7 37. Kd3 Rb2 38. e7 Kf7 39. Re6
Rb8 40. Re5 Rc8 41. a5 Re8 42. a6 1-0